00620 2200217 4500001002100000005001500021035002000036007000300056008004100059020001800100082000800118084001400126100001300140245004700153250001900200260004100219300005300260650002700313700001800340856004400358INLIS00000000113727820220118015144 a0010-0122002383ta220118 0 ind  a979-651-179-7 a675 a675 ZUM p0 aZumrotun1 aPemanfaatan Limbah Kulit Hewan /cZumrotun aCetakan Ketiga aJakarta :bMusi Perkasa Utama,c2005 a36 halaman :bIlustrasi ;c22X16cmeBahan Kertas 4aTeknologi Kulit & Bulu0 aWahyu Handoko aKoleksi Perpustakaan Umum Kota Makassar